Basic English revisited : (Record no. 9401)
[ view plain ]
| 000 -LEADER | |
|---|---|
| fixed length control field | 01112cam a2200325 a 4500 |
| 001 - CONTROL NUMBER | |
| control field | 1356410 |
| 003 - CONTROL NUMBER IDENTIFIER | |
| control field | SISC |
| 005 - DATE AND TIME OF LATEST TRANSACTION | |
| control field | 20160317130518.0 |
| 008 - FIXED-LENGTH DATA ELEMENTS--GENERAL INFORMATION | |
| fixed length control field | 980402s1985 wiuab 001 0 eng d |
| 010 ## - LIBRARY OF CONGRESS CONTROL NUMBER | |
| LC control number | 80068894 |
| 020 ## - INTERNATIONAL STANDARD BOOK NUMBER | |
| International Standard Book Number | 0686276930 |
| 035 ## - SYSTEM CONTROL NUMBER | |
| System control number | (OCoLC)12231723 |
| 040 ## - CATALOGING SOURCE | |
| Original cataloging agency | CRiv |
| Transcribing agency | CRiv |
| Modifying agency | OrMaC |
| -- | DLC |
| 042 ## - AUTHENTICATION CODE | |
| Authentication code | lccopycat |
| 050 00 - LIBRARY OF CONGRESS CALL NUMBER | |
| Classification number | PE 1112 |
| Item number | .Se363 1977 |
| 082 00 - DEWEY DECIMAL CLASSIFICATION NUMBER | |
| Classification number | HS 808.042 |
| Item number | Se2 1985 |
| 100 1# - MAIN ENTRY--PERSONAL NAME | |
| Personal name | Sebranek, Patrick. |
| 9 (RLIN) | 13483 |
| 245 10 - TITLE STATEMENT | |
| Title | Basic English revisited : |
| Remainder of title | a student handbook / |
| Statement of responsibility, etc | written and compiled by Patrick Sebranek, Verne Meyer ; illustrations by Chris Krenzke. |
| 250 ## - EDITION STATEMENT | |
| Edition statement | 5th ed. |
| 260 ## - PUBLICATION, DISTRIBUTION, ETC. (IMPRINT) | |
| Place of publication, distribution, etc | Burlington, Wis. : |
| Name of publisher, distributor, etc | Basic English Revisited, |
| Date of publication, distribution, etc | c1977. |
| 300 ## - PHYSICAL DESCRIPTION | |
| Extent | 218 p. : |
| Other physical details | ill. (some col.) ; |
| Dimensions | 23 cm. |
| 500 ## - GENERAL NOTE | |
| General note | Includes index. |
| 650 #0 - SUBJECT ADDED ENTRY--TOPICAL TERM | |
| Topical term or geographic name as entry element | English language |
| General subdivision | Grammar. |
| 9 (RLIN) | 13484 |
| 650 #0 - SUBJECT ADDED ENTRY--TOPICAL TERM | |
| Topical term or geographic name as entry element | English language |
| General subdivision | Composition and exercises. |
| 9 (RLIN) | 13485 |
| 700 1# - ADDED ENTRY--PERSONAL NAME | |
| Personal name | Meyer, Verne. |
| 9 (RLIN) | 13486 |
| 906 ## - LOCAL DATA ELEMENT F, LDF (RLIN) | |
| a | 7 |
| b | cbc |
| c | copycat |
| d | 2 |
| e | opcn |
| f | 19 |
| g | y-gencatlg |
| 942 ## - ADDED ENTRY ELEMENTS (KOHA) | |
| Source of classification or shelving scheme | Library of Congress Classification |
| Koha item type | Books |
| Withdrawn status | Lost status | Source of classification or shelving scheme | Damaged status | Home library | Current library | Shelving location | Date acquired | Total Checkouts | Full call number | Barcode | Date last seen | Copy number | Price effective from | Koha item type |
|---|---|---|---|---|---|---|---|---|---|---|---|---|---|---|
| Library of Congress Classification | Luxembourg Library | Luxembourg Library | High School Section | 08/24/2013 | PE 1112 .Se363 1977 | 1886 | 03/17/2016 | 1 | 08/24/2013 | Books |